| 000 | 00618nam a2200205 a 4500 | ||
|---|---|---|---|
| 005 | 20240316063738.0 | ||
| 008 | 060331s2001 ag 000 0 spa d | ||
| 020 | _a9870001025 | ||
| 035 | _aUPN01000144894 | ||
| 049 | _aCG | ||
| 050 | 4 |
_aRC454 _bB3.3 |
|
| 100 | 1 | _aBallbé, Raúl | |
| 245 | 1 | 0 |
_aVida, tiempo y libertad : _bensayos de psiquiatría fenomenológica / _cRaúl Ballbé. |
| 260 |
_aBuenos Aires : _bLumen, _c2001. |
||
| 300 | _a361 p. | ||
| 440 | 0 | _aPsicología integrativa, perspectivista e interdisciplinaria | |
| 650 | 4 |
_aFilosofía _95327 |
|
| 650 | 7 |
_aPsicopatología _2 _945619 |
|
| 905 | _aLibro | ||
| 999 |
_c117041 _d117041 |
||